Nalogi Japonii.

Daňová sústava v Japonsku a jej členenie. Dane z príjmov právnických a fyzických osôb. Pozemková daň v Japonsku. Štruktúra miestnych daní. Príjmy a výdavky miestnej správy.

Na minha lista:
Detalhes bibliográficos
Autor principal: Černik, D.G
Formato: Capítulo de Livro
Idioma:russo
Assuntos:
Tags: Adicionar Tag
Sem tags, seja o primeiro a adicionar uma tag!

MARC

LEADER 00000naa a2200000 4500
001 r012240
005 20221130112851.1
041 0 |a rus 
044 |a RU 
245 1 0 |a Nalogi Japonii.  |c D.G. Černik 
520 |a Daňová sústava v Japonsku a jej členenie. Dane z príjmov právnických a fyzických osôb. Pozemková daň v Japonsku. Štruktúra miestnych daní. Príjmy a výdavky miestnej správy. 
610 2 0 |a sústava daňová 
610 2 0 |a dane 
610 2 0 |a Japonsko 
610 2 0 |a údaje štatistické 
610 2 0 |a správa miestna 
100 1 |a Černik, D.G.